What really happened to Humpty? : (Record no. 2722)

MARC details
000 -LEADER
fixed length control field 01335cam a2200325 a 4500
005 - DATE AND TIME OF LATEST TRANSACTION
control field 20240111101425.0
020 ## - INTERNATIONAL STANDARD BOOK NUMBER
International Standard Book Number 9780545496612
040 ## - CATALOGING SOURCE
Original cataloging agency DLC
Transcribing agency DLC
Modifying agency BAKER
-- BTCTA
-- OCLCG
-- CD5
-- IK2
-- OEL
-- UKM
-- DLC
Language of cataloging eng
050 00 - LIBRARY OF CONGRESS CALL NUMBER
Classification number PZ7.R1744
Item number 2009
082 00 - DEWEY DECIMAL CLASSIFICATION NUMBER
Classification number 813.6
100 1# - MAIN ENTRY--PERSONAL NAME
Personal name Ransom, Jeanie Franz
Dates associated with a name 1957-
245 10 - TITLE STATEMENT
Title What really happened to Humpty? :
Remainder of title from the files of a hard-boiled detective
Statement of responsibility, etc. by Joe Humpty as told to Jeanie Franz Ransom ; illustrated by Stephen Axelsen.
250 ## - EDITION STATEMENT
Edition statement Printed in the U.S.A
260 ## - PUBLICATION, DISTRIBUTION, ETC.
Place of publication, distribution, etc. New York :
Name of publisher, distributor, etc. Scholastic ;
Date of publication, distribution, etc. 2009
300 ## - PHYSICAL DESCRIPTION
Extent 30 unnumbered pages :
Dimensions color illustrations ;
-- 29 cm.
505 ## - FORMATTED CONTENTS NOTE
Formatted contents note O <br/>
520 ## - SUMMARY, ETC.
Summary, etc. Detective Joe Dumpty rushes to investigate the mysterious circumstances under which his older brother, Humpty, fell from a wall on his first day as captain of the new Neighborhood Watch program.
521 ## - TARGET AUDIENCE NOTE
Target audience note 620 <br/>
Source Lexule <br/>
521 ## - TARGET AUDIENCE NOTE
Target audience note O <br/>
Source Raz-Plus <br/>
650 #0 - SUBJECT ADDED ENTRY--TOPICAL TERM
Topical term or geographic name entry element Characters in literature
Form subdivision Juvenile fiction.
650 #0 - SUBJECT ADDED ENTRY--TOPICAL TERM
Topical term or geographic name entry element Detective and mystery stories.
650 #1 - SUBJECT ADDED ENTRY--TOPICAL TERM
Topical term or geographic name entry element Characters in literature
Form subdivision Fiction.
650 #1 - SUBJECT ADDED ENTRY--TOPICAL TERM
Topical term or geographic name entry element Mystery and detective stories.
650 #1 - SUBJECT ADDED ENTRY--TOPICAL TERM
Topical term or geographic name entry element Humorous stories.
655 #0 - INDEX TERM--GENRE/FORM
Genre/form data or focus term Humorous stories.
700 1# - ADDED ENTRY--PERSONAL NAME
Personal name Axelsen, Stephen
Relator term illustrator
906 ## - LOCAL DATA ELEMENT F, LDF (RLIN)
a 7
b cbc
c orignew
d 1
e ecip
f 20
g y-gencatlg
942 ## - ADDED ENTRY ELEMENTS (KOHA)
Source of classification or shelving scheme Dewey Decimal Classification
Koha item type Books
Suppress in OPAC No
999 ## -
-- 2722
-- 2722
Holdings
Withdrawn status Lost status Source of classification or shelving scheme Damaged status Not for loan Collection Home library Current library Shelving location Date acquired Total Checkouts Full call number Barcode Date last seen Price effective from Koha item type
    Dewey Decimal Classification     Juvenile Fiction Footprints International School Library Network Toul Kork Campus Footprints International School Library Network Toul Kork Campus   01/11/2024   RAN 813.6 PZ7.R1744 FISTK02335 03/19/2024 01/11/2024 Books